000 00901nam a2200253 a 4500
003 DO-SdBNP
005 20250203105242.0
007 ta
008 220824e2022 dr ||||fr|||| 001 edspa d
020 _a9789945608847
040 _aDO-SdBNP
_bspa
_cBNPHU
082 4 _222
_bT841f
100 1 _aMansilla Triviño, Antonio
_d1936-2021
_982234
245 1 3 _aLa filosofía en su encrucijada histórica. /
_cAntonio Mancilla Triviño; Editor, Carlos Rojas Osorio
260 _aSan Juan, Puerto Rico :
_bIsla Negra,
_c2022
300 _a315 p. ;
_c23 cm.
500 _aIncluye datos biográficos del autor.
590 _aInventariado 2022 / MF
650 4 _98155
_aFilosofía
_xHistoria
_zSan Juan, Puerto Rico
650 0 _98491
_aFilosofía puertorriqueña
_xEnsayos, Conferencias, etc..
_zSan Juan, Puerto Rico
700 1 _aRojas Osorio, Carlos
_d1946-
_eed.
_9808
910 _aMFeliz
942 _2ddc
_cLBS1
999 _c52312
_d52312